000 00690nam a2200289Ia 4500
005 20260324130555.0
008 008 260324s9999 xx 000 0 eng d
020 _a9780203939369
037 _aEBOOK
040 _aCRL
040 _beng
040 _cCRL
041 _2eng
041 _aeng
084 _qCRL
100 _aFilippo Cesarano
_91182284
245 0 _aMonetary Theory in Retrospect
245 4 _bThe Selected Essays of Filippo Cesarano
260 _bTaylor and Francis
260 _c2007
365 _a
365 _b265
856 _uhttp://www.taylorfrancis.com/books/9780203939369
942 _cEBOOK
999 _c1778577
_d1778577